Movies By the 10 Minute Mark Quiz Stats

Quiz Updated Mar 30, 2016

Challenge
Share
Tweet
Score 0/20 Timer 06:00
0 Plays Today
% Correct
Casablanca (1942)
82.8%
The Wizard of Oz (1939)
82.6%
The Shining (1980)
82.2%
The Help (2011)
80.9%
Airplane! (1980)
67.4%
Spider-Man (2002)
65.2%
Annie Hall (1977)
64.6%
Zombieland (2009)
64.4%
Easy A (2010)
63.8%
Legally Blonde (2001)
62.9%
% Correct
American Beauty (1999)
53.4%
Memento (2000)
52.5%
Django Unchained (2012)
49.4%
Whiplash (2014)
31.4%
Fight Club (1999)
30.3%
The Truman Show (1998)
29.7%
The Master (2012)
20.2%
Zodiac (2007)
20.1%
Catch Me If You Can (2002)
16.5%
The Cabin in the Woods (2012)
9.9%

You're not logged in!

Compare scores with friends on all Sporcle quizzes.
Join for Free
OR
Log In

You Might Also Like...

Show Comments

Extras

Top Quizzes Today


Score Distribution

Your Account Isn't Verified!

In order to create a playlist on Sporcle, you need to verify the email address you used during registration. Go to your Sporcle Settings to finish the process.

Report this User

Report this user for behavior that violates our Community Guidelines.

Details: